Gènius : Gènius és genial!! Gènius és genial!!
Descripción Física:
1 punt de llibre : il·lustracions ; 21 x 6 cm
Colección:
Gènius és genial!!
Idioma:
Catalán
MARC
| LEADER | 00000nrm a2200000 a 4500 | ||
|---|---|---|---|
| 001 | 25403 | ||
| 003 | Arxiu | ||
| 005 | 20260324181104.0 | ||
| 008 | 220505b spa||||| |||| 00| 0 cat d | ||
| 017 | |a DL B 8408-2021 | ||
| 040 | |a NBM-13-73 | ||
| 245 | |a Gènius : |b Gènius és genial!! | ||
| 260 | |a Barcelona : |b Diputació de Barcelona, Xarxa de Biblioteques Municipals, |c 2021 | ||
| 300 | |a 1 punt de llibre : |b il·lustracions ; |c 21 x 6 cm | ||
| 490 | |a Gènius és genial!! | ||
| 610 | 1 | 0 | |a Barcelona (Catalunya : Província). |b Xarxa de Biblioteques Municipals |9 52650 |
| 655 | 0 | |a Punts de llibre |9 52700 | |
| 710 | 1 | |a Barcelona (Catalunya : Província). |b Xarxa de Biblioteques Municipals |9 52650 | |
| 942 | |2 udc |c ARXIU |n 1 | ||
| 952 | |0 0 |1 0 |4 0 |6 NBM1373 |7 1 |9 61486 |a Arxiu |b Arxiu |d 2022-05-05 |l 0 |o NBM-13-73 |p 25403 |r 2022-05-05 00:00:00 |w 2022-05-05 |y ARXIU | ||
| 999 | |c 81439 |d 81439 | ||